| 000 | 00580nam a2200205Ia 4500 | ||
|---|---|---|---|
| 999 |
_c7532 _d7532 |
||
| 008 | 200103s 2006 ||||xx |||||||||||||| ||und|| | ||
| 020 | _a9788185594651 | ||
| 082 |
_a621.815 _bPAN |
||
| 100 | _aPandya, N. C. | ||
| 245 | 0 | _aMachine design: entirely in SI units | |
| 250 | _a16th | ||
| 260 |
_bCharotar Publishing House _c2006 _aAnand |
||
| 300 | _axvi, 1064 p.: ill. | ||
| 504 | _aIncludes appendix and index | ||
| 650 | _aMachine design | ||
| 650 | _aSprings - Bearings | ||
| 650 | _aCotter and knuckle joints | ||
| 700 |
_aShah, C. S. _eCo-author |
||
| 942 | _cBK | ||